| 000 | 00588nam a2200193Ia 4500 | ||
|---|---|---|---|
| 003 | GCL | ||
| 008 | 140319s9999 xx 000 0 ara d | ||
| 040 |
_aGCL / _cGCL |
||
| 082 | 0 | 4 |
_a541.369 _bز م |
| 100 | 1 | _aزاجية عتيق | |
| 245 | 1 | 0 |
_aمقدمة فى الترموديناميك الكيميائى / _cزاجية عتيق |
| 300 | _a284 | ||
| 490 |
_aكتاب _v0 |
||
| 650 | 0 | 4 | _aالديناميكا |
| 650 | 0 | 4 | _aالديناميكا الحرارية |
| 650 | 0 | 4 | _aالكيمياء الحرارية |
| 650 | 0 | 4 | _aالكيمياء الفيزيائية |
| 942 |
_2ddc _cBK |
||
| 999 |
_c43203 _d43203 |
||